| 000 -LEADER |
| fixed length control field |
00575nam a22001937a 4500 |
| 008 - FIXED-LENGTH DATA ELEMENTS--GENERAL INFORMATION |
| fixed length control field |
150617b xxu||||| |||| 00| 0 eng d |
| 020 ## - INTERNATIONAL STANDARD BOOK NUMBER |
| International Standard Book Number |
9781452230047 |
| 041 0# - LANGUAGE CODE |
| Language code of text/sound track or separate title |
eng |
| 080 ## - UNIVERSAL DECIMAL CLASSIFICATION NUMBER |
| Universal Decimal Classification number |
339.138 |
| 100 1# - Rafti |
| Rafti |
Crane, Frederick G. |
| 245 10 - TITLE STATEMENT |
| Title |
Marketing for entrepreneurs : |
| Statement of responsibility, etc |
Frederick G. Crane, Northeastern University. |
| 250 ## - |
| -- |
Second Edition. |
| 260 ## - |
| -- |
USA: |
| -- |
SAGE; |
| -- |
2013. |
| 300 ## - |
| -- |
245 f.: |
| -- |
me il.; |
| -- |
23 cm. |
| 505 ## - |
| -- |
Index: f.229-244 |
| 650 #0 - |
| -- |
Marketing |
| 650 #0 - |
| -- |
Ndërmarrësi |
| 942 ## - ADDED ENTRY ELEMENTS (KOHA) |
| Source of classification or shelving scheme |
|
| Item type |
Books |